Register poistných udalostí - legislatívna podpora v boji proti poisťovacím podvodom
Nová legislatíva umožňujúca poisťovniam tvoriť register poistných udalostí zvýši šance na odhalenie pokusov o poistné podvody. Vykonávanie a úlohu prevádzky registra prevzala Slovenská asociácia poisťovní. Zákon č. 437/2015 Z. z. a zákon č. 39/2015 o poisťovníctve.
Guardado en:
| Autor principal: | |
|---|---|
| Formato: | Capítulo de libro |
| Lenguaje: | eslovaco |
| Materias: | |
| Etiquetas: |
Sin Etiquetas, Sea el primero en etiquetar este registro!
|
MARC
| LEADER | 00000naa a2200000 4500 | ||
|---|---|---|---|
| 001 | 0216261 | ||
| 005 | 20231204141203.5 | ||
| 041 | 0 | |a slo | |
| 044 | |a SK | ||
| 245 | 1 | 0 | |a Register poistných udalostí - legislatívna podpora v boji proti poisťovacím podvodom |c Jozefína Žáková |
| 520 | |a Nová legislatíva umožňujúca poisťovniam tvoriť register poistných udalostí zvýši šance na odhalenie pokusov o poistné podvody. Vykonávanie a úlohu prevádzky registra prevzala Slovenská asociácia poisťovní. Zákon č. 437/2015 Z. z. a zákon č. 39/2015 o poisťovníctve. | ||
| 610 | 2 | 0 | |a poisťovníctvo |
| 610 | 2 | 0 | |a poisťovne |
| 610 | 2 | 0 | |a udalosti poistné |
| 610 | 2 | 0 | |a právo poistné |
| 610 | 2 | 0 | |a podvody poisťovacie |
| 610 | 2 | 0 | |a registre |
| 610 | 2 | 0 | |a legislatíva |
| 610 | 2 | 0 | |a zákony |
| 100 | 1 | |a Žáková, Jozefína | |